Libro de la caza de las aves (Record no. 93612)

MARC details
000 -LEADER
campo de control de longitud fija 00741nam a2200217 i 4500
001 - NÚMERO DE CONTROL
campo de control 93612
003 - IDENTIFICADOR DE NÚMERO DE CONTROL
campo de control ES-MaACL
005 - FECHA Y HORA DE LA ÚLTIMA TRANSACCIÓN
campo de control 20240703063056.0
007 - CAMPO FIJO DE DESCRIPCIÓN FÍSICA--INFORMACIÓN GENERAL
campo de control de longitud fija t|
008 - DATOS DE LONGITUD FIJA--INFORMACIÓN GENERAL
campo de control de longitud fija 050415s1959 sp ||||1| spa d
100 1# - ENTRADA PRINCIPAL--NOMBRE DE PERSONA
Nombre de persona López de Ayala, Pedro,
Fechas asociadas al nombre 1332-1407
9 (RLIN) 73530
245 10 - MENCIÓN DEL TÍTULO
Título Libro de la caza de las aves
Resto del título : texto íntegro en versión de José Fradejas Lebrero... /
Mención de responsabilidad, etc. Pedro López de Ayala.
260 ## - PUBLICACIÓN, DISTRIBUCIÓN, ETC.
Lugar de publicación, distribución, etc. Valencia :
Nombre del editor, distribuidor, etc. Castalia,
Fecha de publicación, distribución, etc. 1959.
300 ## - DESCRIPCIÓN FÍSICA
Extensión 243 p., il. :
Otras características físicas 2 h. ;
Dimensiones 20 cm.
490 1# - MENCIÓN DE SERIE
Mención de serie Odres nuevos
650 #4 - PUNTO DE ACCESO ADICIONAL DE MATERIA--TÉRMINO DE MATERIA
Término de materia o nombre geográfico como elemento de entrada Cetrería-
Subdivisión de forma Obras anteriores a 1800.
9 (RLIN) 140544
700 1# - ENTRADA AGREGADA--NOMBRE PERSONAL
Nombre de persona Fradejas Lebrero, José.
9 (RLIN) 52057
830 0# - PUNTO DE ACCESO ADICIONAL DE SERIE-TÍTULO UNIFORME
Título uniforme Odres nuevos
9 (RLIN) 181463
852 ## - LOCALIZACIÓN
Ubicación ES-MaACL
Número de control de estantería C-18894
Sublocalización o colección R.45270
Holdings
Estatus retirado Estado de pérdida Estado de daño No para préstamo Biblioteca de origen Biblioteca actual Ubicación en estantería Fecha de adquisición Fuente de adquisición Total de préstamos Signatura topográfica completa Código de barras Visto por última vez Precio de reemplazo Tipo de ítem Koha
        Biblioteca del Ateneo de Madrid Biblioteca del Ateneo de Madrid Galería 17/01/2008     C-18894 1097756 23/02/2023 23/02/2023 Libro impreso